1694 1217 1797 1264 1145 1124 1260 1313 1861 1776 1604 1786 1753 1174 1358 1167 1321 1414 1879 1943 1751 1276 1071 1386 1182 1424 1670 1899 1720 1806 1402 1130 1357 1841 1222 1259 1850 1985 1125 1854 1532 1093 1488 1625 1065 1286 1403 1189 1961 1996 1814 1157 1791 1585 1513 1223 1717 1247 1309 1412 1301 1842 1114 1465 1061 1259 1716 1539 1559 1422 1563 1116 1963 1483 1235 1647 1593 1240 1520 1784 1166 1456 1459 1387 1118 1090 1455 1961 1571 1690 1339 1341 1826 1641 1287 1928 1467 1335 1379 BCNSPRNW ULIB Ver.6.0+V

เปลี่ยนเป็นภาษาไทย

Change to English
 แสดงรายละเอียดบรรณานุกรม
  กลับหน้าหลัก

Brief Record : Get Marc (ISO 2709) : E-mail record : QR code < ปิดหน้าต่าง
LEADER : 00000nas 2200000uu 4500
001    13399125080
003     ULIB
008    020711s|||| th a 000 0 tha d
022    01257477
110    กรทรวงสาธารณสุข^bกรมควบคุมโรค^bสำนักระบาดวิทยา
245    รายงานการเฝ้าระวังทางระบาดวิทยาประจำสัปดาห์(วิทยาเขตนครสวรรค์)/^cสำนักระบาดวิทยา
260    นนทบุรี :^bสำนักระบาดวิทยา,^cม.ป.ป.
310    ^aรายเดือน
850 ^a ULIB:campus^bปีที่ 45 ฉบับที่ พิเศษ ฉ.1 ;ปีที่ 45 ฉบับที่ พิเศษ ฉ.2 ;ปีที่ 47 ฉบับที่ พิเศษ ฉ.1 ;ปีที่ 47 ฉบับที่ พิเศษ ฉ.2
945    ^p0^l0^i801676
945    ^p0^l0^i801677
945    ^p0^l0^i801678
945    ^p0^l0^i801679
999    ^aทศพร เกษรทอง
รายการนี้ยังไม่มีแท็ก
คุณยังไม่ได้ล็อกอิน คุณสามารถมีกิจกรรมร่วมกับเว็บไซต์ได้ แต่ต้องล็อกอินก่อน ::
  ล็อกอิน

รายการสื่อสารสนเทศ (วารสาร)

ดูแบบ: กล่อง รายการ
ARRIVED
ปีที่ 45 ฉบับที่ พิเศษ ฉ.1
สถานที่: ห้องสมุดวิทยาเขตนครสวรรค์ >วารสาร
ARRIVED
ปีที่ 47 ฉบับที่ พิเศษ ฉ.1
สถานที่: ห้องสมุดวิทยาเขตนครสวรรค์ >วารสาร

BibComment


ยังไม่เคยถูกคอมเมนท์

คอมเมนท์ทรัพยากรรายการนี้
  คอมเมนท์: รายงานการเฝ้าระวั..


 Copyright 2026. Bcnsprnw @Library